| LEADER | 00573nam a2200157 4500 | ||
|---|---|---|---|
| 082 | |a 420 |b M105N | ||
| 100 | |a Mann, Thomas | ||
| 245 | |a Collected stories |c Thomas Mann; H.T. Lowe- Porter translated, Daniel Jonhson introduced | ||
| 260 | |a Anh |b David Campbell |c 2001 | ||
| 300 | |a 870 tr. |c 21 cm | ||
| 520 | |a v...v | ||
| 653 | |a Ngôn ngữ | ||
| 653 | |a Tiếng Anh | ||
| 942 | |2 ddc |c SH | ||
| 999 | |c 4924 |d 4924 | ||
| 952 | |0 0 |1 0 |2 ddc |4 0 |6 420_000000000000000_M105N |7 0 |8 400 |9 45752 |a qbu |b qbu |c D4 |d 2014-12-20 |g 176000 |o 420 M105N |p 3197.C1 |r 0000-00-00 |w 2014-12-20 |y SH |0 0 |6 420_000000000000000_M105N | ||